<?xml version="1.0" encoding="UTF-8"?><?xml-stylesheet type="text/xsl" href="static/style.xsl"?><OAI-PMH xmlns="http://www.openarchives.org/OAI/2.0/" xmlns:xsi="http://www.w3.org/2001/XMLSchema-instance" xsi:schemaLocation="http://www.openarchives.org/OAI/2.0/ http://www.openarchives.org/OAI/2.0/OAI-PMH.xsd"><responseDate>2026-04-18T15:21:25Z</responseDate><request verb="GetRecord" identifier="oai:recam.amb.cat:20.500.14439/1466" metadataPrefix="marc">https://recam.amb.cat/rest/oai/request</request><GetRecord><record><header><identifier>oai:recam.amb.cat:20.500.14439/1466</identifier><datestamp>2025-02-20T13:46:41Z</datestamp><setSpec>com_20.500.14439_153</setSpec><setSpec>com_20.500.14439_128</setSpec><setSpec>col_20.500.14439_4329</setSpec></header><metadata><record xmlns="http://www.loc.gov/MARC21/slim" xmlns:dcterms="http://purl.org/dc/terms/" xmlns:xsi="http://www.w3.org/2001/XMLSchema-instance" xmlns:doc="http://www.lyncode.com/xoai" xsi:schemaLocation="http://www.loc.gov/MARC21/slim http://www.loc.gov/standards/marcxml/schema/MARC21slim.xsd">
   <leader>00925njm 22002777a 4500</leader>
   <datafield ind2=" " ind1=" " tag="042">
      <subfield code="a">dc</subfield>
   </datafield>
   <datafield ind2=" " ind1=" " tag="720">
      <subfield code="a">Àrea Metropolitana de Barcelona</subfield>
      <subfield code="e">author</subfield>
   </datafield>
   <datafield ind2=" " ind1=" " tag="260">
      <subfield code="c">2019-12-01</subfield>
   </datafield>
   <datafield ind2=" " ind1=" " tag="520">
      <subfield code="a">El metabolisme urbà és el flux de materials i energia sobre el qual recolza el funcionament dels nuclis urbans. Els sistemes antròpics passen a ser un sistema més dins l'ecosistema que representa la metròpolis uns sistemes que s'han nodrit en els últims segles de recursos amb un elevat potencial energètic i que han permès desenvolupar una tecnologia que ha generat grans transformacions i alteracions sobre el medi i els seus cicles, amb impactes a escala global. Tanmateix, els recursos energètics que sostenen aquests sistemes comencen a exhaurir-se. Ens trobem davant d'un canvi de paradigma, un període de transició que transformarà inevitablement la manera de planificar i gestionar les ciutats i d'entendre la seva relació amb el territori i els recursos que utilitza. El document planteja la necessitat d'una mirada transversal dels fluxos metabòlics i la seva relació amb la regulació i l'ordenació territorial de les intensitats d'ús. Aquesta visió comporta trencar la lògica sectorial i entendre l'urbanisme com la base estructural de la idea global de la metròpolis, capaç de condicionar també la relació amb els sistemes i canals que en sostenen el funcionament. La metròpolis es concep, doncs, com un sistema de sistemes que cal ordenar per cercar un diàleg i una integració que faci que els processos i dinàmiques que s'hi desenvolupen siguin funcionals. En definitiva, es busca el repte finalista de viure millor consumint menys recursos i generant menys impactes, i per assolir-lo cal comprendre la funció i el servei de cadascun dels cicles metabòlics. "Metabolisme urbà" és el recull de les consideracions realitzades en les taules d'experts i forma part de la col·lecció "Quaderns PDU metropolità_Directrius urbanístiques", que és la plataforma de difusió d'idees, dades i noves perspectives de coneixement de l'àrea metropolitana de Barcelona i del procés de redacció del Pla director urbanístic metropolità (PDU).</subfield>
   </datafield>
   <datafield ind1="8" ind2=" " tag="024">
      <subfield code="a">2339-8922</subfield>
   </datafield>
   <datafield ind1="8" ind2=" " tag="024">
      <subfield code="a">https://hdl.handle.net/20.500.14439/1466</subfield>
   </datafield>
   <datafield ind1="8" ind2=" " tag="024">
      <subfield code="a">9054136</subfield>
   </datafield>
   <datafield ind1="8" ind2=" " tag="024">
      <subfield code="a">B 29174-2019</subfield>
   </datafield>
   <datafield tag="653" ind2=" " ind1=" ">
      <subfield code="a">Ordenació del territori</subfield>
   </datafield>
   <datafield tag="653" ind2=" " ind1=" ">
      <subfield code="a">Ciutats</subfield>
   </datafield>
   <datafield tag="653" ind2=" " ind1=" ">
      <subfield code="a">Urbanisme</subfield>
   </datafield>
   <datafield ind2="0" ind1="0" tag="245">
      <subfield code="a">Metabolisme urbà</subfield>
   </datafield>
</record></metadata></record></GetRecord></OAI-PMH>